Normal view
MARC view
- Microsoft Windows (Computer file)
Entry Uniform Title
001 - CONTROL NUMBER
- control field: 81703
003 - CONTROL NUMBER IDENTIFIER
- control field: NUST
005 - DATE AND TIME OF LATEST TRANSACTION
- control field: 20210825143225.0
008 - FIXED-LENGTH DATA ELEMENTS
- fixed length control field: 210825|| aca||aabn | a|a d
040 ## - CATALOGING SOURCE
- Original cataloging agency: NUST
- Transcribing agency: NUST
130 ## - HEADING--UNIFORM TITLE
- Uniform title: Microsoft Windows (Computer file)
- General subdivision: Examinations
- Form subdivision: Study guides
670 ## - SOURCE DATA FOUND
- Source citation: Work cat.: (NUST)33015: Gibson, Darril. 81702, Windows 7 desktop support and administration, c2010
